000 00744nam a2200241 i 4500
001 bgj
100 1 _aBROCH, Hermann
_d(1886-1951)
245 1 0 _aBriefe 3 :
_b(1945-1951) : Dokumente und Kommentare zu Leben und Werk /
_cHermann Broch.
260 _aFrankfurt am Main :
_bSuhrkamp,
_c1981.
300 _a636, [1] S. ;
_c19 cm.
490 1 _aHermann Broch Kommentierte Werkausgabe ;
_vBand 13/3
504 _aBibliographie S. 551-555.
505 _aRegister.
600 1 9 _aBroch, Hermann, 1886-1951
655 _aKorrespondenz
830 _aHermann Broch Kommentierte Werkausgabe ;
020 _a3518025074
040 _cBPK
041 0 _ager
920 _a3-518-02507-4
942 _cKS
008 s gw f |000 0 ger
999 _c50577
_d50577
856 _uhttp://koha.tu.koszalin.pl/cgi-bin/koha/opac-detail.pl?biblionumber=50577
_yKatalog online BPK